[Event "SVK-chT1W 0203"]
[Site "Slovakia"]
[Date "2003.01.18"]
[Round "7.6"]
[White "Stepanovic, Branislav"]
[Black "Palka, Miroslav"]
[Result "1-0"]
[WhiteElo "2060"]
[BlackElo "2010"]
[PlyCount "131"]
[EventDate "2002.10.12"]
[EventType "tourn"]
[EventRounds "11"]
[EventCountry "SVK"]
[SourceTitle "EXT 2005"]
[Source "ChessBase"]
[SourceDate "2004.11.15"]
[SourceVersion "1"]
[SourceVersionDate "2004.11.15"]
[SourceQuality "1"]
[WhiteTeam "Bratislava PI"]
[BlackTeam "Senica"]
[WhiteTeamCountry "SVK"]
[BlackTeamCountry "SVK"]

1. e4 c5 2. Nf3 d6 3. d4 cxd4 4. Nxd4 Nf6 5. Nc3 g6 6. Bc4 Bg7 7. Be3 0-0 8. f3 Nc6 9. Qd2 Bd7 10. 0-0-0 Ne5 11. Bb3 Qa5 12. Bh6 Bxh6 13. Qxh6 Rac8 14. Nce2 Nc4 15. g4 Qe5 16. Rhg1 b5 17. h4 Ne8 18. h5 Rc5 19. hxg6 fxg6 20. Rh1 Qg5+ 21. Qxg5 Rxg5 22. a4 a6 23. axb5 axb5 24. Nc3 Kh8 25. Rh3 Nb6 26. Rdh1 Nf6 27. Be6 Be8 28. f4 Rc5 29. Bb3 Bd7 30. f5 gxf5 31. exf5 Ra8 32. Kd2 Nc4+ 33. Bxc4 Rxc4 34. Nce2 Ne4+ 35. Ke3 Ng5 36. Rh5 Rg8 37. b3 Rc5 38. Nf3 Bc6 39. Nxg5 Rxg5 40. Rxh7+ Kg8 41. Rh8+ Kf7 42. R1h7+ Rg7 43. Nd4 Re5+ 44. Kf2 Rc5 45. g5 Rxh7 46. Rxh7+ Ke8 47. Rh8+ Kf7 48. g6+ Kf6 49. Rf8+ Ke5 50. g7 Bd5 51. Ne6 Rxc2+ 52. Ke3 Rc3+ 53. Kd2 Rg3 54. g8Q Rxg8 55. Rxg8 Kxf5 56. Nd4+ Kf6 57. Rg3 b4 58. Nc2 e5 59. Nxb4 Bb7 60. Rg8 Bh1 61. Rh8 Bg2 62. Nc2 Bd5 63. b4 Ke6 64. b5 Kd7 65. Rh7+ Kc8 66. Nb4 1-0

[Event "SVK-chT1W 0304"]
[Site "Slovakia"]
[Date "2003.??.??"]
[Round "4"]
[White "Maslikova, Veronika"]
[Black "Stepanovic, Branislav"]
[Result "0-1"]
[WhiteElo "2125"]
[BlackElo "2090"]
[PlyCount "74"]
[EventDate "2003.10.??"]
[EventType "team-tourn"]
[EventRounds "9"]
[EventCountry "SVK"]
[SourceTitle "EXT 2007"]
[Source "ChessBase"]
[SourceDate "2006.11.23"]
[SourceVersion "1"]
[SourceVersionDate "2006.11.23"]
[SourceQuality "1"]

1. e4 c5 2. Nf3 Nc6 3. d4 cxd4 4. Nxd4 Nf6 5. Nc3 e5 6. Ndb5 d6 7. Bg5 a6 8. Na3 b5 9. Nd5 Qa5+ 10. Bd2 Qd8 11. Nxf6+ Qxf6 12. c4 Qg6 13. f3 Be7 14. g3 f5 15. cxb5 Nd4 16. Bc3 fxe4 17. Bxd4 exd4 18. Qxd4 Bf6 19. Qd2 exf3 20. Qe3+ Be5 21. Nc4 0-0 22. Bd3 f2+ 23. Kd2 Bf5 24. bxa6 Bf6 25. Bxf5 Qxf5 26. Qd3 Bg5+ 27. Kc2 Qc5 28. Rad1 Kh8 29. b3 Rad8 30. Kb1 d5 31. Ne5 Bf6 32. Nf3 Qa3 33. Rd2 Rde8 34. Rf1 Re4 35. Qxd5 Rfe8 36. Qd6 Re1+ 37. Rd1 Qb2# 0-1